Представление документа в формате RUSMARC

ПолеНазваниеЗначение
  Тип записи a
  Библиографический уровень a
001 Контрольный номер RU/CBS_Ul/BASE/498323815
005 Дата корректировки 20260417145131.2
100 Данные общей обработки __
a Данные общей обработки 20151016d2015 ||| 0rusy0189 ca
101 Язык документа 0_
a Язык текста rus
102 Страна публикации __
a Страна публикации RU
105 Кодированные данные (монография) __
a Кодированные данные (монография) y###||||000|y
200 Заглавие и сведения об ответственности 1_
a Заглавие Ульяновская школа хоккея с мячом должна держать марку
b Общее обозначение материала Текст
e Сведения, относящиеся к заглавию [спортивный директор ХК "Волга" рассказал о стратегии клуба в вопросе подготовки смены для главной команды]
f Первые сведения об ответственности А. Рушкин
300 Общие примечания __
a Общие примечания 12+
461 Уровень набора _0
1 2000
a Ульяновск сегодня
463 Уровень физической единицы _0
1 001RU/CBS_Ul/BASE/498322063
1 2000
a № 90 (16 окт.)
v С. 6
1 210
d 2015
600 Персоналии _0
a Персоналии (Фамилия) Рушкин
b Персоналии (Имя, инициалы) А. Г.
606 Тематические рубрики 0_
a Основная рубрика "Волга", хоккейный клуб (Ульяновск, город)
610 Ключевые слова 0_
a Ключевые слова ульяновский спорт
610 Ключевые слова 0_
a Ключевые слова спорт ульяновский
610 Ключевые слова 0_
a Ключевые слова хоккейные команды
610 Ключевые слова 0_
a Ключевые слова команды хоккейные
610 Ключевые слова 0_
a Ключевые слова хоккей с мячом
610 Ключевые слова 0_
a Ключевые слова Волга (хоккейные клубы)
610 Ключевые слова 0_
a Ключевые слова тренеры по хоккею с мячом
686 Индексы других классификаций __
a Классификационный индекс 75.579.6
2 Код системы ББК
700 Автор _1
a Фамилия Рушкин
b Имя (инициалы) А.
801 Источник записи _0
a Страна RU
b Организация МБУК ЦБС г. Ульяновска
c Дата составления 20151016
g Правила каталогизации RCR
801 Источник записи _1
a Страна RU
b Организация МБУК ЦБС г. Ульяновска
c Дата составления 20151016
g Правила каталогизации RCR
901 Тип документа __
t Тип документа b
w Контрольный № источника RU/CBS_Ul/BASE/498322063
910 Корректоры записи __
a Корректор записи Асеева
938 Служебная информация __
a Имя БД kraeved